000 00662nam a2200229Ia 4500
003 OSt
005 20221002050653.0
006 a|||||r|||| 00| 0
007 ta
008 220930b |||||||| |||| 00| 0 eng d
024 _a18705
037 _cReference Collections
040 _aCRL
_cCRL
_beng
041 _2eng
_aeng
082 _aT4.2'N85t, M5(RR)
245 0 _aReport
260 _aDelhi
_bController of Publications IndiaIndia India
_c1985
490 _aNational Commission on teachers-II (1983 : New Delhi India)
650 _aHIGHER EDUCATION
942 _hT4.2'N85t, M5(RR)
_cref
_2CC
999 _c915145
_d915145